000 00582nam a2200193 i 4500
001 134419
003 ES-MaACL
005 20230906194653.0
007 t|
008 070910s1963 sp ||||1| cat d
100 1 _aXuriguera, Joan Baptista (
_d1908-1987)
_9117525
245 1 3 _aLa vida d'en Joan Ventura
_b: el pare : novella /
_cJoan Baptista Xuriguera.
260 _aBarcelona :
_bPublicaciones Ilerda,
_c1963.
300 _a227 p. ;
_c21 cm.
490 1 _aIlerda ;
_v5
830 0 _aIlerda ;
_v5
_9219846
852 _aES-MaACL
_jG-7304
_bR.53595
999 _c134419
_d134419